[Event "KPZS-ch"]
[Site "Sepolno Kraj"]
[Date "2006.06.25"]
[Round "3"]
[White "Bugalski, Lukasz"]
[Black "Kukula, Pawel"]
[Result "1/2-1/2"]
[WhiteElo "2084"]
[BlackElo "2185"]
[PlyCount "84"]
[EventDate "2006.06.24"]
[EventType "swiss"]
[EventRounds "9"]
[EventCountry "POL"]
[SourceTitle "EXT 2007"]
[Source "ChessBase"]
[SourceDate "2006.11.23"]
[SourceVersion "1"]
[SourceVersionDate "2006.11.23"]
[SourceQuality "1"]

1. d4 Nf6 2. c4 Nc6 3. Nf3 e6 4. g3 Bb4+ 5. Bd2 a5 6. Bg2 0-0 7. 0-0 Bxd2 8. Nbxd2 d6 9. Qc2 e5 10. e3 Bg4 11. d5 Ne7 12. h3 Bd7 13. e4 b6 14. b3 Nh5 15. a3 c5 16. dxc6 Nxc6 17. Qd3 Qc7 18. Rad1 Rad8 19. Nb1 Be6 20. Ng5 Qe7 21. Nxe6 fxe6 22. Nc3 Nd4 23. Ne2 Nxe2+ 24. Qxe2 Nf6 25. Rd2 Qc7 26. Qe3 Nd7 27. Rfd1 Nb8 28. h4 Nc6 29. Bh3 Rf6 30. Bg4 Nd4 31. Rxd4 exd4 32. Qxd4 Qc5 33. e5 Rg6 34. Bh5 Qxd4 35. Rxd4 Rh6 36. Bg4 Kf7 37. exd6 e5 38. Rd5 Rhxd6 39. Rxe5 Rd3 40. Rb5 R8d6 41. Kg2 Rf6 42. c5 bxc5 1/2-1/2

[Event "POL-chT 2nd League"]
[Site "Wysowa"]
[Date "2005.09.04"]
[Round "9.34"]
[White "Marks, Jacek"]
[Black "Bugalski, Lukasz"]
[Result "1-0"]
[WhiteElo "2070"]
[BlackElo "2108"]
[PlyCount "67"]
[EventDate "2005.08.27"]
[EventType "team-swiss"]
[EventRounds "9"]
[EventCountry "POL"]
[SourceTitle "EXT 2019"]
[Source "ChessBase"]
[SourceDate "2018.10.10"]
[SourceVersion "1"]
[SourceVersionDate "2018.10.10"]
[SourceQuality "1"]
[WhiteTeam "Pultusk Nadnarwianka"]
[BlackTeam "Znin Baszta"]
[WhiteTeamCountry "POL"]
[BlackTeamCountry "POL"]

1. e4 c6 2. d4 d5 3. exd5 cxd5 4. Bd3 Nf6 5. c3 Nc6 6. Bf4 Bg4 7. Qb3 Na5 8. Qa4+ Bd7 9. Qc2 e6 10. Nf3 Be7 11. 0-0 0-0 12. Bg5 h6 13. Bf4 Nh5 14. Bc1 b5 15. Qe2 Nc4 16. Ne5 Nf6 17. f4 Nd6 18. Nd2 Re8 19. g4 Nh7 20. g5 hxg5 21. Bxh7+ Kxh7 22. Qh5+ Kg8 23. fxg5 Bxg5 24. Nxf7 Nxf7 25. Qxf7+ Kh7 26. Qh5+ Bh6 27. Nf3 Rf8 28. Ng5+ Kg8 29. Nf7 Qe7 30. Nxh6+ gxh6 31. Bxh6 Rf5 32. Rxf5 exf5 33. Qg6+ Kh8 34. Bg5 1-0

[Event "POL-chT 2nd League"]
[Site "Wysowa"]
[Date "2005.09.02"]
[Round "7.34"]
[White "Bugalski, Lukasz"]
[Black "Sliwerski, Radoslaw"]
[Result "0-1"]
[WhiteElo "2108"]
[BlackElo "2230"]
[PlyCount "62"]
[EventDate "2005.08.27"]
[EventType "team-swiss"]
[EventRounds "9"]
[EventCountry "POL"]
[SourceTitle "EXT 2019"]
[Source "ChessBase"]
[SourceDate "2018.10.10"]
[SourceVersion "1"]
[SourceVersionDate "2018.10.10"]
[SourceQuality "1"]
[WhiteTeam "Znin Baszta"]
[BlackTeam "Miedzyborow Wrzos"]
[WhiteTeamCountry "POL"]
[BlackTeamCountry "POL"]

1. d4 Nf6 2. c4 e6 3. g3 d5 4. Bg2 Be7 5. Nf3 0-0 6. 0-0 dxc4 7. Qc2 a6 8. a4 c5 9. dxc5 Bxc5 10. Ne5 Nbd7 11. Nxc4 Qe7 12. a5 Rb8 13. Nc3 e5 14. b3 b5 15. axb6 Nxb6 16. Na5 Bd7 17. Bb2 Rfc8 18. Bb7 Rxb7 19. Nxb7 Bd4 20. Na5 Bh3 21. Rfc1 Bxf2+ 22. Kh1 Ng4 23. Nd5 Rxc2 24. Nxe7+ Kf8 25. Rxc2 Ne3 26. Rg1 Nxc2 27. Nec6 Bxg1 28. Kxg1 f6 29. Nb8 Bc8 30. Bc3 Nd5 31. Bd2 e4 0-1

[Event "POL-chT 2nd League"]
[Site "Wysowa"]
[Date "2005.08.28"]
[Round "2.29"]
[White "Kobialko, Dawid"]
[Black "Bugalski, Lukasz"]
[Result "1/2-1/2"]
[WhiteElo "2041"]
[BlackElo "2108"]
[PlyCount "105"]
[EventDate "2005.08.27"]
[EventType "team-swiss"]
[EventRounds "9"]
[EventCountry "POL"]
[SourceTitle "EXT 2019"]
[Source "ChessBase"]
[SourceDate "2018.10.10"]
[SourceVersion "1"]
[SourceVersionDate "2018.10.10"]
[SourceQuality "1"]
[WhiteTeam "Rybnik MKSz"]
[BlackTeam "Znin Baszta"]
[WhiteTeamCountry "POL"]
[BlackTeamCountry "POL"]

1. e4 c6 2. Nc3 d5 3. Nf3 Bg4 4. h3 Bxf3 5. Qxf3 Nf6 6. d3 e6 7. Qg3 Nbd7 8. Be2 Qb8 9. f4 dxe4 10. Nxe4 Nxe4 11. dxe4 Nf6 12. Bd3 Qc7 13. 0-0 Bc5+ 14. Kh1 g6 15. Qh4 Nh5 16. Bd2 Qe7 17. Qe1 0-0-0 18. Bc3 Bd4 19. Bxd4 Rxd4 20. Qe3 Rhd8 21. Rad1 Kb8 22. c3 R4d7 23. Be2 Nf6 24. Rxd7 Rxd7 25. Bc4 Ne8 26. Bb3 Nc7 27. Qf2 Qd8 28. Re1 Rd2 29. Re2 Rd3 30. f5 Qe7 31. fxe6 Nxe6 32. Re1 Nd8 33. Qf4+ Kc8 34. Rf1 Rd7 35. Qe3 b6 36. e5 f5 37. Re1 Ne6 38. Qf3 Kc7 39. Re2 Ng5 40. Qf4 Ne4 41. Bc2 g5 42. Qh2 Rd2 43. Rxd2 Nxd2 44. Qg3 f4 45. Qd3 Qd7 46. Kg1 f3 47. g4 Qd5 48. Qxh7+ Kb8 49. Qd3 Qc5+ 50. Qd4 f2+ 51. Qxf2 Nf3+ 52. Kg2 Nh4+ 53. Kf1 1/2-1/2

[Event "Kochan Memorial op-A 16th"]
[Site "Koszalin"]
[Date "2005.08.??"]
[Round "1"]
[White "Kuziola, Mateusz"]
[Black "Bugalski, Lukasz"]
[Result "1-0"]
[WhiteElo "2296"]
[BlackElo "2108"]
[PlyCount "57"]
[EventDate "2005.08.??"]
[EventType "swiss"]
[EventRounds "10"]
[EventCountry "POL"]
[SourceTitle "EXT 2006"]
[Source "ChessBase"]
[SourceDate "2005.11.24"]
[SourceVersion "1"]
[SourceVersionDate "2005.11.24"]
[SourceQuality "1"]

1. e4 c6 2. Nc3 d5 3. Nf3 Bg4 4. h3 Bxf3 5. Qxf3 Nf6 6. g4 dxe4 7. Nxe4 Nxe4 8. Qxe4 Qd5 9. Bg2 Qxe4+ 10. Bxe4 e5 11. d3 Bb4+ 12. c3 Bd6 13. Be3 Nd7 14. d4 Nf6 15. Bg2 0-0 16. 0-0-0 Rfe8 17. dxe5 Bxe5 18. g5 Nh5 19. Rd7 Nf4 20. Bf3 Reb8 21. Rhd1 Nxh3 22. Re7 Bf4 23. Bxf4 Nxf4 24. Rdd7 Rf8 25. Rxb7 Nd3+ 26. Kc2 Nxf2 27. Bxc6 Nh3 28. b4 Nxg5 29. Rb5 1-0

[Event "POL-chT 2nd League"]
[Site "Polanica Zdroj"]
[Date "2004.09.09"]
[Round "8"]
[White "Barwinski, Dionizy"]
[Black "Bugalski, Lukasz"]
[Result "0-1"]
[WhiteElo "2218"]
[BlackElo "2098"]
[PlyCount "61"]
[EventDate "2004.09.04"]
[EventType "team-swiss"]
[EventRounds "11"]
[EventCountry "POL"]
[SourceTitle "CBM 102 Extra"]
[Source "ChessBase"]
[SourceDate "2004.11.03"]
[SourceVersion "1"]
[SourceVersionDate "2004.11.03"]
[SourceQuality "1"]
[WhiteTeam "Pultusk Nadnarwianka"]
[BlackTeam "Znin Baszta"]
[WhiteTeamCountry "POL"]
[BlackTeamCountry "POL"]

1. d4 Nf6 2. c4 g6 3. Nc3 d5 4. Bg5 Ne4 5. Bh4 Nxc3 6. bxc3 dxc4 7. e3 Be6 8. Nf3 Bg7 9. Be2 Nd7 10. Ng5 Bd5 11. e4 h6 12. exd5 hxg5 13. Bxg5 Nb6 14. Bd2 Qxd5 15. a4 Qd6 16. a5 Nd5 17. Bxc4 Qe6+ 18. Qe2 Qxe2+ 19. Kxe2 0-0-0 20. f4 e6 21. h4 Bf6 22. g3 c5 23. a6 cxd4 24. axb7+ Kxb7 25. Rab1+ Nb6 26. cxd4 Rxd4 27. Bd3 Rhd8 28. Rb3 R4d7 29. h5 gxh5 30. Rxh5 Rh8 31. Kf3 0-1

[Event "Solec Kuj-ch Seniors"]
[Site "Solec Kuj"]
[Date "2003.??.??"]
[Round "3"]
[White "Grzelak, Jaroslaw"]
[Black "Bugalski, Lukasz"]
[Result "0-1"]
[WhiteElo "1800"]
[BlackElo "2015"]
[PlyCount "31"]
[EventDate "2003.??.??"]
[EventType "swiss"]
[EventRounds "9"]
[EventCountry "POL"]
[SourceTitle "EXT 2007"]
[Source "ChessBase"]
[SourceDate "2006.11.23"]
[SourceVersion "1"]
[SourceVersionDate "2006.11.23"]
[SourceQuality "1"]

1. e4 c6 2. d4 d5 3. exd5 cxd5 4. c4 Nf6 5. Nc3 e6 6. Nf3 Bb4 7. Bd2 0-0 8. Bd3 Nc6 9. a3 dxc4 10. Bxc4 Be7 11. Ne2 b6 12. Bc3 Ne4 13. Ng3 Nxc3 14. bxc3 Na5 15. Bd3 Bb7 16. 0-0 0-1

[Event "Ciechocinek KPZ-ch"]
[Site "Ciechocinek"]
[Date "2002.??.??"]
[Round "6"]
[White "Bugalski, Lukasz"]
[Black "Kubicki, Marek"]
[Result "0-1"]
[WhiteElo "2031"]
[BlackElo "2100"]
[PlyCount "79"]
[EventDate "2002.??.??"]
[EventType "swiss"]
[EventRounds "9"]
[EventCountry "POL"]
[SourceTitle "EXT 2007"]
[Source "ChessBase"]
[SourceDate "2006.11.23"]
[SourceVersion "1"]
[SourceVersionDate "2006.11.23"]
[SourceQuality "1"]

1. d4 d5 2. c4 c6 3. cxd5 cxd5 4. Nc3 Nf6 5. Nf3 Nc6 6. Bf4 Qb6 7. Na4 Qa5+ 8. Bd2 Qc7 9. e3 Bf5 10. Rc1 e6 11. Bb5 Bd6 12. 0-0 0-0 13. Nc5 a6 14. Bxc6 bxc6 15. Qa4 Qb6 16. b3 Rfc8 17. Ba5 Qb5 18. Nd2 Qe2 19. Nf3 Be4 20. Rfe1 Qb5 21. Nd2 g5 22. f3 Bg6 23. e4 dxe4 24. Ndxe4 Nxe4 25. Nxe4 Bf4 26. Rc4 Bxe4 27. fxe4 h5 28. g3 Bd6 29. Rec1 Be7 30. Be1 h4 31. Qa5 Rd8 32. Qc7 Ba3 33. R1c2 h3 34. g4 Kg7 35. Rf2 Rf8 36. Bc3 Qb8 37. d5+ Kg8 38. Qxc6 Bd6 39. dxe6 Bxh2+ 40. Kh1 0-1